[Event "Revelionul Mileniului rapid"]
[Site "Revelionul"]
[Date "2000.??.??"]
[Round "?"]
[White "Grigore, George Gabriel"]
[Black "Sandu, Marius Stefan"]
[Result "1/2-1/2"]
[WhiteElo "2505"]
[BlackElo "2290"]
[PlyCount "78"]
[EventDate "2000.??.??"]
[EventType "swiss"]
[EventRounds "7"]
[EventCountry "ROU"]
[SourceTitle "EXT 2004"]
[Source "ChessBase"]
[SourceDate "2003.11.25"]
[SourceVersion "1"]
[SourceVersionDate "2003.11.25"]
[SourceQuality "1"]

1. d4 d5 2. c4 e6 3. Nc3 Nf6 4. cxd5 exd5 5. Bg5 Be7 6. e3 c6 7. Bd3 Ne4 8. Bf4 Bf5 9. Qc2 Nd7 10. Nxe4 Bxe4 11. Bxe4 dxe4 12. Qxe4 Qa5+ 13. Kf1 Nf6 14. Qc2 0-0 15. Nf3 c5 16. Be5 cxd4 17. Bxd4 Rac8 18. Qd3 Rc6 19. Ke2 Nd5 20. a3 Re6 21. g3 Bf6 22. Rhd1 Rd8 23. Kf1 Bxd4 24. Nxd4 Red6 25. Kg1 Nf6 26. Qe2 Qd5 27. Rac1 Ne4 28. Rc2 Ng5 29. h4 Nf3+ 30. Qxf3 Qxf3 31. Nxf3 Rxd1+ 32. Kg2 f6 33. Nd4 Rd7 34. Kf3 Kf7 35. Ke2 Rb1 36. Nb5 a6 37. Nd4 h5 38. Kf3 g6 39. Kg2 Rd1 1/2-1/2

[Event "Ciocaltea Memorial op"]
[Site "Bucharest"]
[Date "2000.??.??"]
[Round "4"]
[White "Murariu, Andrei"]
[Black "Sandu, Marius Stefan"]
[Result "1-0"]
[WhiteElo "2221"]
[BlackElo "2291"]
[PlyCount "55"]
[EventDate "2000.02.??"]
[EventType "swiss"]
[EventRounds "7"]
[EventCountry "ROU"]
[SourceTitle "EXT 2001"]
[Source "ChessBase"]
[SourceDate "2000.11.22"]
[SourceVersion "1"]
[SourceVersionDate "2000.11.22"]
[SourceQuality "1"]

1. e4 c5 2. Nc3 Nc6 3. g3 g6 4. Bg2 Bg7 5. d3 d6 6. f4 e6 7. Nf3 Nge7 8. Be3 Rb8 9. d4 cxd4 10. Nxd4 0-0 11. Qd2 Na5 12. Qd3 d5 13. 0-0-0 Nc4 14. Nb3 b5 15. Bxa7 Ra8 16. Bd4 Bxd4 17. Qxd4 b4 18. exd5 Nxb2 19. Ne4 Nxd1 20. Nf6+ Kh8 21. Nd7+ f6 22. Nxf8 Nf5 23. Qxd1 Ne3 24. Qd4 Nxg2 25. Nxe6 Bxe6 26. dxe6 Qxd4 27. Nxd4 Kg7 28. Kd2 1-0

[Event "Revelionul Mileniului rapid"]
[Site "Revelionul"]
[Date "2000.??.??"]
[Round "?"]
[White "Sandu, Marius Stefan"]
[Black "Harabagiu, Adalgiza"]
[Result "1-0"]
[WhiteElo "2290"]
[BlackElo "1710"]
[PlyCount "83"]
[EventDate "2000.??.??"]
[EventType "swiss"]
[EventRounds "7"]
[EventCountry "ROU"]
[SourceTitle "EXT 2004"]
[Source "ChessBase"]
[SourceDate "2003.11.25"]
[SourceVersion "1"]
[SourceVersionDate "2003.11.25"]
[SourceQuality "1"]

1. e4 d5 2. exd5 Nf6 3. Nc3 Nxd5 4. Bc4 Nxc3 5. bxc3 e5 6. Qh5 Qf6 7. Nf3 Bd6 8. Ng5 g6 9. Qh6 Be6 10. Nxe6 fxe6 11. Rb1 Bc5 12. 0-0 Nd7 13. d4 exd4 14. Bg5 Qf5 15. Bxe6 Qxe6 16. Rbe1 Ne5 17. Qg7 Rg8 18. Qxe5 Qxe5 19. Rxe5+ Kd7 20. Rxc5 dxc3 21. Rd1+ Kc8 22. Rxc3 b6 23. h4 Rg7 24. Rd8+ Kb7 25. Rxa8 Kxa8 26. Re3 Kb7 27. Re7 Rxe7 28. Bxe7 c5 29. g4 Kc6 30. c4 b5 31. cxb5+ Kxb5 32. Kf1 Kc4 33. Ke2 Kd4 34. Bf6+ Ke4 35. f3+ Kf4 36. Be7 Kg3 37. Bxc5 a6 38. Bf2+ Kf4 39. Be1 Ke5 40. Ke3 h6 41. f4+ Kd5 42. Kd3 1-0

[Event "Centrocoop Sept op"]
[Site "Eforie Nord"]
[Date "1999.09.??"]
[Round "?"]
[White "Sandu, Marius Stefan"]
[Black "Vladila, Alina"]
[Result "1-0"]
[WhiteElo "2275"]
[BlackElo "2051"]
[PlyCount "39"]
[EventDate "1999.09.??"]
[EventType "swiss"]
[EventRounds "11"]
[EventCountry "ROU"]
[SourceTitle "EXT 2004"]
[Source "ChessBase"]
[SourceDate "2003.11.25"]
[SourceVersion "1"]
[SourceVersionDate "2003.11.25"]
[SourceQuality "1"]

1. e4 c5 2. Nf3 Nc6 3. d4 cxd4 4. Nxd4 Nf6 5. Nc3 e5 6. Ndb5 d6 7. Bg5 a6 8. Na3 b5 9. Nd5 Be7 10. Bxf6 Bxf6 11. Bd3 0-0 12. c3 Bg5 13. 0-0 Ne7 14. Nxe7+ Qxe7 15. Nc2 f5 16. a4 bxa4 17. Rxa4 Be6 18. exf5 Bxf5 19. Bxf5 Rxf5 20. Qd5+ 1-0

[Event "Centrocoop Sept op-B"]
[Site "Eforie Nord"]
[Date "1998.??.??"]
[Round "?"]
[White "Costescu, Marina"]
[Black "Sandu, Marius Stefan"]
[Result "1/2-1/2"]
[WhiteElo "2050"]
[BlackElo "2150"]
[PlyCount "72"]
[EventDate "1998.09.??"]
[EventType "swiss"]
[EventRounds "11"]
[EventCountry "ROU"]
[SourceTitle "EXT 2000"]
[Source "ChessBase"]
[SourceDate "1999.11.16"]
[SourceVersion "1"]
[SourceVersionDate "1999.11.16"]
[SourceQuality "1"]

1. d4 Nf6 2. c4 g6 3. Nc3 d5 4. cxd5 Nxd5 5. e4 Nxc3 6. bxc3 Bg7 7. Be3 c5 8. Qd2 0-0 9. Rc1 Qa5 10. Bc4 Nc6 11. Ne2 Rd8 12. Bd5 e6 13. Bxc6 bxc6 14. Rd1 Ba6 15. f3 Bc4 16. Kf2 Rab8 17. Qc2 Qa3 18. Bc1 Qxa2 19. Qxa2 Bxa2 20. dxc5 Bb3 21. Rxd8+ Rxd8 22. Nd4 Bxd4+ 23. cxd4 Rxd4 24. Be3 Rd7 25. Rb1 Ba4 26. Bh6 Bb5 27. Ra1 e5 28. Ra2 f5 29. Rd2 Rd4 30. Be3 Rc4 31. Rd8+ Kf7 32. Rd7+ Ke6 33. Rd6+ Kf7 34. Rd7+ Ke8 35. Rb7 fxe4 36. fxe4 Rxe4 1/2-1/2

[Event "Centrocoop Sept op-B"]
[Site "Eforie Nord"]
[Date "1998.??.??"]
[Round "?"]
[White "Duminica, Mariana"]
[Black "Sandu, Marius Stefan"]
[Result "1-0"]
[WhiteElo "2095"]
[BlackElo "2150"]
[PlyCount "97"]
[EventDate "1998.09.??"]
[EventType "swiss"]
[EventRounds "11"]
[EventCountry "ROU"]
[SourceTitle "EXT 2000"]
[Source "ChessBase"]
[SourceDate "1999.11.16"]
[SourceVersion "1"]
[SourceVersionDate "1999.11.16"]
[SourceQuality "1"]

1. e4 c5 2. Nf3 d6 3. d4 cxd4 4. Nxd4 Nf6 5. Nc3 e6 6. Be2 a6 7. Be3 Qc7 8. f4 b5 9. Bf3 Bb7 10. a3 Nc6 11. Nxc6 Bxc6 12. 0-0 Be7 13. Qe1 0-0 14. Qg3 Rfd8 15. f5 e5 16. Qf2 Qb7 17. Rfe1 b4 18. axb4 Qxb4 19. Bb6 Rdb8 20. Ba5 Qb7 21. Qd2 Nd7 22. b3 Re8 23. Na4 Bd8 24. Bxd8 Raxd8 25. Qxd6 Nf6 26. Qa3 Rd2 27. Nc5 Qb6 28. c3 Nd7 29. b4 Nxc5 30. bxc5 Qb5 31. Qb4 Qd3 32. Rad1 Rd8 33. Rxd2 Qxd2 34. Re2 Qc1+ 35. Kf2 h5 36. Qb6 Rd1 37. Bxh5 Rf1+ 38. Kg3 Qf4+ 39. Kh3 g6 40. Qd8+ Kh7 41. fxg6+ fxg6 42. Bg4 Bxe4 43. Qh4+ Kg7 44. g3 Qxg4+ 45. Kxg4 Bf3+ 46. Kh3 Bxe2 47. Qe7+ Kg8 48. Qxe5 Bb5 49. c6 1-0

[Event "Centrocoop Sept op-B"]
[Site "Eforie Nord"]
[Date "1998.??.??"]
[Round "?"]
[White "Ionica, Iulia Ionela"]
[Black "Sandu, Marius Stefan"]
[Result "0-1"]
[WhiteElo "2195"]
[BlackElo "2150"]
[PlyCount "74"]
[EventDate "1998.09.??"]
[EventType "swiss"]
[EventRounds "11"]
[EventCountry "ROU"]
[SourceTitle "EXT 2000"]
[Source "ChessBase"]
[SourceDate "1999.11.16"]
[SourceVersion "1"]
[SourceVersionDate "1999.11.16"]
[SourceQuality "1"]

1. e4 c5 2. Nf3 e6 3. d4 cxd4 4. Nxd4 Nf6 5. Nc3 d6 6. Be2 a6 7. f4 Nc6 8. Be3 Qc7 9. 0-0 b5 10. e5 dxe5 11. Nxc6 Qxc6 12. fxe5 Nd5 13. Bf3 Bb7 14. Kh1 Be7 15. Qe1 Qc7 16. Nxd5 exd5 17. Qg3 g6 18. Rad1 0-0 19. Bxd5 Bxd5 20. Rxd5 Qxc2 21. Rd7 Qc4 22. Qf3 Qe6 23. Rd2 Rad8 24. Rdf2 Kg7 25. Qf4 h5 26. Bd2 Rc8 27. a3 Rc4 28. Qh6+ Kg8 29. Bc3 Rg4 30. Qe3 h4 31. h3 Rg3 32. Qe4 f5 33. Qb7 Rd8 34. Rf3 Rd3 35. Rxg3 hxg3 36. Qb8+ Kh7 37. Qe8 Rd8 0-1

[Event "Bucharest Fest IM (Women)"]
[Site "Bucharest"]
[Date "1998.??.??"]
[Round "?"]
[White "Szabo, Virag"]
[Black "Sandu, Marius Stefan"]
[Result "0-1"]
[WhiteElo "2095"]
[BlackElo "2150"]
[PlyCount "94"]
[EventDate "1998.10.??"]
[EventType "tourn"]
[EventRounds "11"]
[EventCountry "ROU"]
[EventCategory "5"]
[SourceTitle "EXT 2000"]
[Source "ChessBase"]
[SourceDate "1999.11.16"]
[SourceVersion "1"]
[SourceVersionDate "1999.11.16"]
[SourceQuality "1"]

1. e4 c5 2. c3 g6 3. d4 Bg7 4. Nf3 d5 5. exd5 Qxd5 6. dxc5 Qxc5 7. Be3 Qc7 8. Na3 a6 9. Bc4 Nf6 10. Qb3 0-0 11. Bb6 Qf4 12. 0-0 Nc6 13. Be3 Qg4 14. h3 Qh5 15. Qd1 Rd8 16. Qe2 b5 17. Bb3 Nd5 18. Rad1 Be6 19. Bc1 Na5 20. Bc2 Nb6 21. Qe3 Nbc4 22. Nxc4 Nxc4 23. Qf4 Ne5 24. Ng5 Bc4 25. Rfe1 h6 26. Ne4 g5 27. Qe3 f5 28. Ng3 f4 29. Rxd8+ Rxd8 30. Qb6 Qe8 31. Nf5 Nc6 32. b3 Bf7 33. Be4 Ne5 34. Nxh6+ Kf8 35. Nxf7 Nxf7 36. Bc6 Rb8 37. Qxa6 Qd8 38. Ba3 Nd6 39. Bf3 Bxc3 40. Rxe7 Kxe7 41. Qa7+ Kf8 42. Bd5 b4 43. Qh7 Qb6 44. Qg8+ Ke7 45. Qh7+ Kd8 46. Be6 Qc6 47. Qg8+ Kc7 0-1

[Event "ROM-chT"]
[Site "Herculane"]
[Date "1996.??.??"]
[Round "?"]
[White "Sandu, Marius Stefan"]
[Black "Ionescu, Constantin"]
[Result "0-1"]
[WhiteElo "2310"]
[BlackElo "2520"]
[PlyCount "62"]
[EventDate "1996.??.??"]
[EventType "team"]
[EventRounds "5"]
[EventCountry "ROU"]
[SourceTitle "CBM 056 Extra"]
[Source "ChessBase"]
[SourceDate "1997.03.01"]
[SourceVersion "1"]
[SourceVersionDate "1997.03.01"]
[SourceQuality "1"]

1. e4 c5 2. c3 d5 3. exd5 Qxd5 4. d4 e6 5. Nf3 Nf6 6. Be3 cxd4 7. cxd4 Nc6 8. Nc3 Qd6 9. Bc4 Be7 10. 0-0 0-0 11. Nb5 Qd8 12. Bf4 a6 13. Nc7 Nh5 14. Be5 Ra7 15. d5 Nxe5 16. Nxe5 Qxc7 17. Qxh5 Bf6 18. dxe6 Qxe5 19. exf7+ Kh8 20. Qxe5 Bxe5 21. Rfe1 b5 22. Bb3 Bxb2 23. Rad1 Rd7 24. Rxd7 Bxd7 25. Re7 Bc8 26. h3 g5 27. g4 Kg7 28. Kg2 Ba3 29. Rc7 Bd6 30. Ra7 Kf6 31. f3 Bb8 0-1

[Event "ROM-chT"]
[Site "Herculane"]
[Date "1996.??.??"]
[Round "?"]
[White "Ungureanu, Emil"]
[Black "Sandu, Marius Stefan"]
[Result "1-0"]
[WhiteElo "2300"]
[BlackElo "2310"]
[PlyCount "89"]
[EventDate "1996.??.??"]
[EventType "team"]
[EventRounds "5"]
[EventCountry "ROU"]
[SourceTitle "CBM 056 Extra"]
[Source "ChessBase"]
[SourceDate "1997.03.01"]
[SourceVersion "1"]
[SourceVersionDate "1997.03.01"]
[SourceQuality "1"]

1. d4 d5 2. c4 e6 3. Nf3 c6 4. Nbd2 Nf6 5. e3 Nbd7 6. Bd3 Bd6 7. 0-0 0-0 8. e4 dxe4 9. Nxe4 Nxe4 10. Bxe4 Qc7 11. Re1 h6 12. Bc2 Rd8 13. Qe2 c5 14. dxc5 Bxc5 15. Bd2 Nf8 16. Bc3 Bd7 17. Rad1 f6 18. Rd2 Be8 19. Red1 Rxd2 20. Nxd2 Be7 21. Nf1 Rc8 22. Bb3 a5 23. a3 a4 24. Ba2 Kh8 25. Ng3 Rd8 26. Rxd8 Qxd8 27. Qd2 Qxd2 28. Bxd2 Bg6 29. Ne2 Nd7 30. Bb4 Bc5 31. Nc3 Bc2 32. Kf1 Bxb4 33. axb4 Ne5 34. c5 Nd3 35. Bxe6 Nxb4 36. Bd7 Nd3 37. Bxa4 Bxa4 38. Nxa4 Kg8 39. Ke2 Ne5 40. f4 Nc6 41. Kd3 Kf7 42. b4 g5 43. b5 Ne7 44. fxg5 fxg5 45. Kd4 1-0